000 00816nam a22002417a 4500
003 UA-OsUOA
001 39710
007 ta
008 20060626b un ||||| |||| 00| 0 ukr d
100 _aРябов С. Г.
090 _a321(477)
_bР98
942 _cBK
040 _aUA-OsUOA
_bukr
_cUA-OsUOA
_dUA-OsUOA
245 _aПолітична наука в Україні ХХІ століття: стан та перспективи розвитку
_bдослідження
300 _a104 с.
955 _a2
041 _aukr
080 _a321(477)
020 _a966-8487-32-Х
260 _aК.
_bНавчально-методичний центр
_c2005
650 7 _a321 Форми політичних організацій. Держави як політичні влади
_2UDC
999 _c325849
_d325849